000 00645nam a2200253Ia 4500
003 OSt
005 20220918174958.0
006 a|||||r|||| 00| 0
007 ta
008 220917b |||||||| |||| 00| 0 eng d
024 _a14,971
037 _cTextual
040 _aARTS
_cARTS
_beng
041 _2eng
_aeng
082 _aNB73,7,3, K8
100 _aWhyte William H.
_952374
245 0 _aLast land scape
260 _aNew York
_bDoubleday
_c1968
300 _avi,376p.
_ccm.
500 _aBibliography p355-363
650 _aARTS
942 _hNB73,7,3, K8
_cTEXL
_2CC
999 _c155431
_d155431